01142nas a2200265 4500001001000000003000900010005001700019007000300036008003400039040005400073041000900127072000800136100001600144245012500160246019100285650001500476650001700491650001300508650002200521773010900543909004000652942001800692999001900710952014700729BR9211701BR-BrBNA20231205093518.0ta230509b bl.|||p| |||| 00| 00por d aBR-BrBNAbporcBiblioteca Nacional de Agricultura a(Pt) aF701 aWasum, R.A.1 aLevantamento dos tipos do Herbarium Anchieta, Compositae, Gesneriaceae e Umbelliferae, Instituto Anchietano de Pesquisas1 a[Divulgation and classification of typus, Compositae, Gesneriaceae and Umbelliferae of the Herbarium Anchieta, Instituto Anchietano de Pesquisas, Sao Leopoldo, Rio Grande do Sul, Brazil] aCOMPOSITAE aUMBELLIFERAE aHERBARIO aRIO GRANDE DO SUL0 tPesquisas. Botanica - Instituto Anchietano de Pesquisas (Brazil)xg(1990), (no. 41) p. 85-98wBR9211701 a202311bLúciac55dLúcia Elande 2AGRISn0cANA c138898d138898 002AGRIS4071a41918b41918cPeriódicos Agrícolash(1990), (no. 41) p. 85-98l0r2023-11-29t01yCRePortaria Interministerial nº 164/94